Statistics for British History by Letter - J

Click here to take the quiz!

General Stats

  • This quiz has been taken 385 times
    (285 since last reset)
  • The average score is 6 of 8

Answer Stats

HintAnswer% Correct
Unidentified 19th century serial killer active in the Whitechapel area of London's East EndJack the Ripper
98%
English King who signed the Magna CartaKing John
97%
King of Scotland who inherited the throne of England after the death of Elizabeth IKing James VI and I
84%
Noblewoman later known as the 'Nine Day Queen', executed by Mary ILady Jane Grey
81%
WWI Naval battle fought between the United Kingdom and Germany off the coast of DenmarkBattle of Jutland
75%
Physician who pioneered the concept of vaccination, successfully creating the smallpox vaccineEdward Jenner
72%
Norse name given to the city of YorkJorvik
46%
Germanic people who settled in Great Britain after the departure of the RomansJutes
42%

Score Distribution

Percentile by Number Answered

Percent of People with Each Score

Your Score History

You have not taken this quiz since the last reset